Normal view MARC view
  • Miranda, Mario J. and Fackler Paul L.

Entry Personal Name

Number of records used in: 1

001 - CONTROL NUMBER

  • control field: 4160

003 - CONTROL NUMBER IDENTIFIER

  • control field: OSt

005 - DATE AND TIME OF LATEST TRANSACTION

  • control field: 20180226115807.0

008 - FIXED-LENGTH DATA ELEMENTS

  • fixed length control field: 180226|| aca||aabn | a|a d

040 ## - CATALOGING SOURCE

  • Original cataloging agency: OSt
  • Transcribing agency: OSt

100 ## - HEADING--PERSONAL NAME

  • Personal name: Miranda, Mario J. and Fackler Paul L.

670 ## - SOURCE DATA FOUND

  • Source citation: Work cat.: (OSt)406: Miranda, Mario J. and Fackler Paul L., Applied Computional Behaviour, 2004